000 00278nam a22001097a 4500
082 _a621.395 MAL'C
100 _aENKE, C. G ,MALMSTADT, H. V
_957617
245 _aCOMPUTER LOGIC ,A LABORATORY WORKBOOK
260 _aNEWYORK
_bW. A. BENJAMIN
_c1970
300 _a167P
942 _cBK
999 _c567885
_d567885